МАРК-запис
| 000 -Лідер |
| fixed length control field |
02135nam a22002657a 4500 |
| 001 - Контрольний номер |
| control field |
216219759 |
| 003 - Ідентифікатор контрольного номера |
| control field |
UA-OsUOA |
| 005 - Дата та час останнього входження (трансакції) |
| control field |
20260331134826.0 |
| 008 - Елементи даних фіксованої довжини – загальна інформація |
| fixed length control field |
191009b -us||||g |||| 00| f eng d |
| 020 ## - Міжнародний стандартний книжковий номер (ISBN) |
| Міжнародний стандартний книжковий номер (ISBN) (НП) |
0914590499 |
| 040 ## - Джерело каталогізації |
| Агенція оригінальної каталогізації |
UA-OsUOA |
| Мова каталогізації |
eng |
| Агенція, яка здійснювала перезапис |
UA-OsUOA |
| Агенція, яка здійснювала модифікацію |
UA-OsUOA |
| 041 ## - Код мови |
| Код мови тексту/ звукової доріжки чи окремого заголовка (П) |
eng |
| 080 ## - Індекс Універсальної десяткової класифікації |
| Індекс Універсальної десяткової класифікації (УДК) (НП) |
821.111(477) |
| 090 ## - Локальний шифр розміщення |
| Класифікаційний індекс УДК |
821.111(477) |
| Авторський знак (НП) |
T21 |
| 100 ## - Основне введення – ім’я особи |
| Ім’я особи (НП) |
Tarnawsky Y. |
| 9 (RLIN) |
24788 |
| 245 ## - Відомості про назву |
| Назва (НП) |
Meningitis |
| Дані про відповідальність (НП) |
Yuriy Tarnawsky |
| 250 ## - Відомості про видання (редакцію) |
| Відомості про видання (редакцію) (НП) |
First edition |
| 260 ## - Публікація, розповсюдження і т.п. (Вихідні дані) |
| Місце публікації, розповсюдження і т.п. (П) |
New York |
| Ім’я/ наймення видавництва, розповсюджувача і т.п. (П) |
Fiction Collective |
| Дата публікації, розповсюдження і т.п. (П) |
1978 |
| 300 ## - Фізичний опис |
| Обсяг |
158 p. |
| 520 ## - Резюме і т.п. |
| Резюме, реферат, анотація, тощо (НП) |
A man leaves his home on tiptoe, in the middle of the night, and stays away all day on the beach. Another man comes home from work, does his exercises, takes a shower, cooks supper for himself, eats, works, reads, and goes to sleep. Between these two occurrences a lot of other events having to do with breaking up, loneliness, looking for someone, etc., happen. Actions as well as shapes, colors and textures form patterns. Events are as immobile as the weave of a fabric. A geometric design acts by existing. Our mind notes all patterns down and stores them away. The mind craves for patterns. It arranges everything in patterns. Patterns reduce the amount of information required for describing something. The patterning process of the mind, then, is like the packing of numbers in a computer to reduce a storage. Similes, metaphors, and other images help to form patterns where the dull rational mind sees none.<br/>The reality in Yuriy Tarnawsky’s book is broken down into simple sentences wherever possible. These are like the flat surfaces in a cubist painting. Time and space are reduced to their elemental units. The unit of language is the sentence and not the phoneme or even the word. In the reader’s mind, the elements are linked, become rounded, organic; lacunae are filled out, and life is recreated. Language has accomplished the work of the five senses. A literary work is simulated life.<br/> |
| 650 ## - Додаткове предметне введення – тематичний термін |
| Тематичний термін чи географічна назва, як елемент введення (НП) |
82 Література. Літературознавство |
| Джерело заголовка чи терміна |
UDC |
| 9 (RLIN) |
15 |
| 942 ## - Додаткові елементи входу (Коха) |
| Source of classification or shelving scheme |
Universal Decimal Classification |
| Тип елемента Koha |
Книги |
| 955 ## - Код типу видання за змістом |
| Код типу видання за змістом (НП) |
Літературно-художні видання |